| 000 | 00465nam a2200181Ia 4500 | ||
|---|---|---|---|
| 003 | LK-CoDNM | ||
| 005 | 20230916142559.0 | ||
| 008 | 010623t1897 xxu||||| |||| 00| 1 eng d | ||
| 040 |
_aLK-CoDNM _dLK-CoDNM _eLK-CoDNM |
||
| 041 | _aeng | ||
| 080 | _a12E3 | ||
| 100 | _aBradley,Henry. | ||
| 245 | _aA new English Dictionary on Historical Principles | ||
| 260 |
_bOxford _aLondon _c1897 |
||
| 300 | _bVII,1228p., 33 cm | ||
| 700 | _aMurray,James.A.H. | ||
| 942 | _cBK | ||
| 999 |
_c84398 _d84398 |
||